[Event "Challenge"]
[Site "http://www.queenalice.com/game.php?id=826488"]
[Date "2010.9.1"]
[Round "-"]
[White "eliezersaude"]
[Black "erivaldoadao"]
[Result "0-1"]
[WhiteElo "1014"]
[BlackElo "1889"]

1. e4 c5 2. Qf3 Nc6 3. c3 e5 4. Bc4 Nf6 5. d3 Be7 6. Bg5 O-O 7. Qg3 Nh5 8. Qg4
Bxg5 9. Qxh5 g6 10. Qf3 a6 11. Nh3 b5 12. Bd5 Bb7 13. Qg3 Bf6 14. Qe3 d6 15. b4
cxb4 16. cxb4 Nxb4 17. Qd2 Nxd5 18. exd5 Bxd5 19. f3 e4 20. Qh6 exd3 21. Nc3
Bxc3+ 22. Kf1 Bf6 23. Nf4 Bc4 24. Rd1 d2+ 25. Ne2 Bxe2+ 26. Kxe2 a5 27. Rxd2 Qb6
28. h4 Rfe8+ 29. Kd1 Bc3 30. h5 d5 31. hxg6 Qxg6 32. f4 Bxd2 33. Kxd2 Qxg2+ 34.
Kd3 Qg6+ 35. Kd2 Qxh6 36. Rxh6 Kg7 37. Rh3 Re4 38. Rh4 Rc8 39. a3 Rcc4 40. Rh3
Rxf4 41. Ke3 Ra4 42. Rg3+ Kf6 43. Rf3 Rxf3+ 44. Kxf3 Kf5 45. Ke3 h5 46. Kf3 Kg5
47. Kg3 Rxa3+ 48. Kg2 f5 49. Kf2 Kg4 50. Ke2 h4 51. Kf2 h3 52. Kg1 Kg3 53. Kf1
f4 54. Ke1 Ra2 55. Kd1 h2 56. Kc1 a4 57. Kb1 Rf2 58. Kc1 h1=Q# 0-1

[Event "AUTO-OPEN-2089"]
[Site "http://www.queenalice.com/game.php?id=826633"]
[Date "2010.9.2"]
[Round "1"]
[White "eliezersaude"]
[Black "reynegro64"]
[Result "1-0"]
[WhiteElo "1014"]
[BlackElo "1450"]

1. e4 c5 2. Bc4 e6 3. Nh3 Be7 4. Qg4 g6 5. Qf4 Nc6 6. Nc3 Nf6 7. Nb5 e5 8. Qh6
Bf8 9. Qh4 a6 10. Nc3 Bg7 11. Nd5 b5 12. Be2 Nd4 13. Bf1 Nxc2+ 14. Kd1 Nxa1 15.
b3 Nxd5 16. Qxd8+ Kxd8 17. exd5 e4 18. Ng5 Ke7 19. Nxe4 d6 20. g3 Bf5 21. Ng5
Nc2 22. g4 Nd4 23. gxf5 Nxf5 24. Rg1 Bd4 25. Bd3 Bxf2 26. Rf1 Bh4 27. Nf3 Bf6
28. Re1+ Kd7 29. h3 Nd4 30. Nxd4 Bxd4 31. h4 Rae8 32. h5 Rxe1+ 33. Kxe1 f5 34.
h6 Be5 35. Bf1 Bf4 36. Bb2 Re8+ 37. Kd1 Bxh6 38. a4 Rb8 39. Bc1 Bf4 40. d4 Bxc1
41. Kxc1 g5 42. dxc5 dxc5 43. a5 Kd6 44. Bg2 f4 45. Kd1 g4 46. Ke2 1-0

[Event "AUTO-OPEN-2089"]
[Site "http://www.queenalice.com/game.php?id=826648"]
[Date "2010.9.2"]
[Round "1"]
[White "eliezersaude"]
[Black "Nunes"]
[Result "0-1"]
[WhiteElo "1035"]
[BlackElo "1811"]

1. e4 e5 2. Qf3 Nf6 3. Nh3 Nc6 4. c3 Bc5 5. b4 Bb6 6. Qg3 O-O 7. b5 Na5 8. Bb2
Nxe4 9. Qd3 d5 10. f3 Bxh3 11. fxe4 Be6 12. exd5 Bxd5 13. Qh3 Qf6 14. Qg3 Nc4
15. Bc1 Rfe8 16. Na3 Nd6 17. Qd3 Qf2+ 18. Kd1 Bxg2 19. Bxg2 Qxg2 20. Re1 e4 21.
Qe2 Qf3 22. Rf1 Qd3 23. Rf4 Bc5 24. h4 Bxa3 25. Bxa3 Nxb5 26. Bb4 a5 27. a4 axb4
28. Rxe4 Nxc3+ 29. Ke1 Rxe4 30. Qxe4 Qxe4+ 31. Kf1 Qf3+ 32. Kg1 Ne2+ 33. Kh2
Qg3+ 34. Kh1 Qh3# 0-1

[Event "AUTO-OPEN-2089"]
[Site "http://www.queenalice.com/game.php?id=826649"]
[Date "2010.9.2"]
[Round "1"]
[White "Nunes"]
[Black "eliezersaude"]
[Result "1-0"]
[WhiteElo "1453"]
[BlackElo "1100"]

1. e4 e5 2. Nf3 Qf6 3. d4 c5 4. dxe5 Qb6 5. Nc3 Qb4 6. Be2 Nc6 7. Bd2 Nd4 8. Nd5
Qxb2 9. Nxd4 cxd4 10. Nc7+ Kd8 11. Nxa8 d5 12. exd5 Bf5 13. Bd3 g6 14. Bxf5 gxf5
15. Bg5+ Be7 16. Bxe7+ Nxe7 17. d6 Nd5 18. O-O Kd7 19. Rb1 Qa3 20. Rxb7+ Kc6 21.
Qb1 Rxa8 22. Qb5# 1-0

[Event "Challenge"]
[Site "http://www.queenalice.com/game.php?id=827136"]
[Date "2010.9.3"]
[Round "-"]
[White "callmitnick"]
[Black "eliezersaude"]
[Result "1-0"]
[WhiteElo "1694"]
[BlackElo "1014"]

1. d4 e6 2. Nf3 Nh6 3. Nc3 Bb4 4. Bd2 Qf6 5. e3 c5 6. dxc5 Na6 7. Bb5 Nxc5 8.
O-O a6 9. Bc4 Ng4 10. a3 Ba5 11. b4 Bc7 12. bxc5 Ba5 13. Ne4 Qf5 14. Ng3 Qxc5
15. Bxa5 Qxa5 16. h3 Nf6 17. Bb3 Rf8 18. Re1 d5 19. Qd2 Qc5 20. Nd4 e5 21. Nf3
e4 22. Nd4 a5 23. Rec1 a4 24. Ba2 Qa5 25. Qxa5 Rxa5 26. c3 b6 27. Ngf5 Rg8 28.
Nd6+ Kd7 29. Nxf7 Rf8 30. Ne5+ Kd6 31. Ndc6 Rc5 32. c4 Rxc6 33. Nxc6 Kxc6 34.
cxd5+ Kd6 35. Rc4 Nxd5 36. Rd4 Be6 37. Rad1 Ke7 38. Bxd5 Bxd5 39. Rxd5 Rb8 40.
R5d4 b5 41. Rd7+ Ke8 42. Rxg7 Kf8 43. Rxh7 Kg8 44. Rdd7 Rf8 45. Rhe7 Kh8 46.
Rxe4 Kg8 47. Rb7 Rd8 48. Rxb5 Rd7 49. Rxa4 Rf7 50. Rba5 Kg7 51. Ra7 Rxa7 52.
Rxa7+ Kf6 53. Ra5 Ke6 54. Kh2 Kd6 55. Kg3 Kc6 56. Kf4 Kb6 57. Rd5 Kc6 58. Ke5
Kb6 59. Kd4 1-0

[Event "Challenge"]
[Site "http://www.queenalice.com/game.php?id=831218"]
[Date "2010.9.11"]
[Round "-"]
[White "callmitnick"]
[Black "eliezersaude"]
[Result "1-0"]
[WhiteElo "1671"]
[BlackElo "1014"]

1. d4 c5 2. c4 Qa5+ 3. Nc3 g6 4. Bd2 Qa6 5. Nf3 Nf6 6. e4 cxd4 7. Nxd4 Qb6 8.
Nb3 e6 9. Be3 Qd6 10. Qxd6 Bxd6 11. Be2 Na6 12. O-O h5 13. Nb5 Be5 14. Bd4 Bxd4
15. N3xd4 O-O 16. e5 Ne4 17. f3 Nd2 18. Rfd1 Nxc4 19. Bxc4 Nb4 20. a3 d5 21. Bb3
Bd7 22. Nd6 b6 23. axb4 f5 24. Ba4 Bxa4 25. Rxa4 Rfd8 26. N6b5 Rdc8 27. Rxa7
Rxa7 28. Nxa7 Ra8 29. Ra1 Kf7 30. Ndb5 Rd8 31. Nd6+ Ke7 32. Nc6+ Kd7 33. Nxd8
Kxd8 34. Ra8+ Kd7 35. Rg8 d4 36. f4 Kc6 37. b5+ Kc5 38. Rxg6 d3 39. Kf1 1-0

[Event "Challenge"]
[Site "http://www.queenalice.com/game.php?id=831219"]
[Date "2010.9.11"]
[Round "-"]
[White "eliezersaude"]
[Black "callmitnick"]
[Result "1-0"]
[WhiteElo "1014"]
[BlackElo "1582"]

1. e4 c5 2. Nc3 Nc6 3. Nf3 d6 4. Ng5 e5 5. h4 Nf6 6. b3 Be7 7. Nd5 Nxd5 8. exd5
Nd4 9. c3 Bxg5 10. hxg5 Nf5 11. g4 Ne7 12. c4 O-O 13. Qc2 Bxg4 14. Qxh7# 1-0

[Event "Challenge"]
[Site "http://www.queenalice.com/game.php?id=838911"]
[Date "2010.9.28"]
[Round "-"]
[White "eliezersaude"]
[Black "kleberrocha"]
[Result "0-1"]
[WhiteElo "1077"]
[BlackElo "1267"]

1. e4 g5 2. Qg4 Nf6 3. Qf5 d5 4. Qxg5 Nxe4 5. Qh5 b5 6. d3 Nf6 7. Qe5 Nc6 8. Qg5
h6 9. Qg3 Rg8 10. Qh4 b4 11. c3 e5 12. g3 h5 13. g4 hxg4 14. h3 d4 15. cxb4
Bxb4+ 16. Kd1 gxh3 17. Bxh3 Ba6 18. a3 Be7 19. Nd2 Qd5 20. f3 Bxd3 21. Bf1 Bxf1
22. Nxf1 Qb3+ 23. Ke1 Nb4 0-1

[Event "Challenge"]
[Site "http://www.queenalice.com/game.php?id=860699"]
[Date "2010.11.19"]
[Round "-"]
[White "eliezersaude"]
[Black "callmitnick"]
[Result "0-1"]
[WhiteElo "1014"]
[BlackElo "1701"]

1. e4 c5 2. Bc4 d6 3. Qf3 Nf6 4. d3 Bg4 5. Qf4 e5 6. Qg3 Nc6 7. h3 Bh5 8. Nc3
Bg6 9. Nd5 Be7 10. h4 h6 11. h5 Bh7 12. Nxf6+ Bxf6 13. Rh4 Bxh4 14. Qxg7 Rf8 15.
Qxh7 Qf6 16. g3 Rh8 17. Qf5 Qxf5 18. exf5 Bg5 19. a4 Nb4 20. Bb3 O-O-O 21. Bxg5
hxg5 22. g4 d5 23. Rd1 f6 24. c3 Na6 25. a5 Nc7 26. c4 d4 27. Ra1 Na6 28. Bd1
Rd6 29. Rb1 b6 30. axb6 Rxb6 31. Ne2 Nb4 32. Nc1 Rh7 33. Kf1 Re7 0-1

[Event "Challenge"]
[Site "http://www.queenalice.com/game.php?id=860700"]
[Date "2010.11.19"]
[Round "-"]
[White "callmitnick"]
[Black "eliezersaude"]
[Result "1-0"]
[WhiteElo "1703"]
[BlackElo "1014"]

1. d4 e6 2. c4 d5 3. Nc3 dxc4 4. e4 Bb4 5. Bd2 Qxd4 6. Nf3 Qc5 7. a3 Bxc3 8.
Bxc3 Nf6 9. Bxf6 gxf6 10. Qc2 O-O 11. Qxc4 Qxc4 12. Bxc4 b6 13. O-O Ba6 14. Bxa6
Nxa6 15. b4 b5 16. Nd4 Nb8 17. Nxb5 Na6 18. Rac1 Rfc8 19. Rc6 Nb8 20. Rxc7 Na6
21. Rxa7 Rxa7 22. Nxa7 Ra8 23. Nb5 Rb8 24. Nc3 Nc7 25. Rb1 Kf8 26. a4 Ra8 27. b5
Ke8 28. Ra1 Ra5 29. b6 Na6 30. b7 Kd8 31. Nb5 Kd7 32. g3 Kc6 33. Kg2 Kxb7 34.
Nd6+ 1-0

[Event "Challenge"]
[Site "http://www.queenalice.com/game.php?id=917110"]
[Date "2011.3.25"]
[Round "-"]
[White "callmitnick"]
[Black "eliezersaude"]
[Result "0-1"]
[WhiteElo "1585"]
[BlackElo "1014"]

1. d4 d5 2. Nc3 c6 3. Bf4 Qa5 4. e3 h5 5. Nf3 f6 6. Be2 e6 7. O-O Nh6 8. h3 Qb6
9. b3 Qa5 10. Nh4 Qxc3 11. Qd3 Qxd3 12. Bxd3 f5 13. Ng6 Rg8 14. Nxf8 Rxf8 15.
Bg5 b5 16. a3 a5 17. Be2 Nf7 18. Bxh5 Rh8 19. Bxf7+ Kxf7 20. f3 Rh5 21. f4 Rxg5
22. Rf3 Na6 23. g3 Rh5 24. Kh2 c5 25. dxc5 Nxc5 26. Rg1 Ne4 27. Kg2 Nd2 28. Rf2
Ne4 29. Rf3 a4 30. b4 Bb7 31. Rff1 Nc3 32. Re1 d4+ 33. Kh2 Rc8 34. g4 fxg4 35.
Rxg4 Ne4 36. exd4 Nf2 37. Rg3 Rxc2 0-1

[Event "Challenge"]
[Site "http://www.queenalice.com/game.php?id=917111"]
[Date "2011.3.25"]
[Round "-"]
[White "callmitnick"]
[Black "eliezersaude"]
[Result "1-0"]
[WhiteElo "1601"]
[BlackElo "1014"]

1. e4 e5 2. Nf3 f6 3. Nc3 c6 4. Bc4 b5 5. Bb3 g5 6. O-O Qb6 7. d3 Nh6 8. Be3 Qc7
9. a3 d5 10. exd5 cxd5 11. Re1 Ng4 12. h3 e4 13. Nxd5 Qd6 14. hxg4 Bxg4 15. dxe4
Nd7 16. Nc3 a6 17. Qxd6 Bxd6 18. Nd4 Rc8 19. Ne6 Rc6 20. Bd5 Rc8 21. f3 Bh5 22.
g4 Bf7 23. Kf2 Nc5 24. Nxc5 Bxc5 25. Bxf7+ Kxf7 26. Bxc5 Rxc5 27. Rad1 Re8 28.
Rd5 Rcc8 29. Rd7+ Ke6 30. Rxh7 Rcd8 31. Nd5 Rxd5 32. exd5+ Kxd5 33. Rxe8 a5 34.
Rc7 1-0

[Event "Challenge"]
[Site "http://www.queenalice.com/game.php?id=917116"]
[Date "2011.3.25"]
[Round "-"]
[White "eliezersaude"]
[Black "callmitnick"]
[Result "0-1"]
[WhiteElo "1014"]
[BlackElo "1615"]

1. e4 c5 2. Bc4 d6 3. Qh5 g6 4. Qd5 e6 5. Qd3 Be7 6. Nf3 Nf6 7. Qc3 Nc6 8. a3
O-O 9. b4 Nxe4 10. Qe3 d5 11. Bb3 c4 12. Ba4 Bd7 13. d3 cxd3 14. cxd3 Nf6 15.
Ng5 Ng4 16. Qh3 Nf6 17. Bb2 e5 18. Qh6 Re8 19. Bxc6 Bf8 20. Qh4 Bxc6 21. O-O d4
22. f4 h6 23. Nf3 Nh7 24. Qh3 Qd5 25. Nbd2 Bd7 26. Qg3 Bc6 27. fxe5 Bg7 28. Bxd4
Nf8 29. Rac1 Ne6 30. Rfe1 a6 31. Rc2 Nxd4 32. Rc4 Nxf3+ 33. gxf3 Qxd3 34. Rd1
Bxe5 35. Qg4 Bd4+ 36. Rxd4 Qf5 37. Qg3 Rad8 38. Rxd8 Rxd8 39. h4 Bxf3 40. Nxf3
Rxd1+ 41. Kf2 Rd3 42. Kg2 Rxa3 43. Qb8+ Kg7 44. Qxb7 Qg4+ 45. Kf2 Ra2+ 46. Ke3
Ra3+ 47. Kf2 Rxf3+ 48. Qxf3 Qxf3+ 49. Kxf3 Kf6 50. Kf4 Ke6 51. b5 axb5 52. h5
gxh5 0-1

[Event "Challenge"]
[Site "http://www.queenalice.com/game.php?id=919304"]
[Date "2011.3.30"]
[Round "-"]
[White "MASTROIANNI"]
[Black "eliezersaude"]
[Result "0-1"]
[WhiteElo "1680"]
[BlackElo "1014"]

1. d4 d5 2. Nf3 f6 3. e3 Nc6 4. Bb5 a6 5. Bxc6+ bxc6 6. O-O Qd6 7. c3 Nh6 8.
Nbd2 e5 9. a4 e4 10. Ne1 Ng4 11. h3 Qh2# 0-1

[Event "Challenge"]
[Site "http://www.queenalice.com/game.php?id=919308"]
[Date "2011.3.30"]
[Round "-"]
[White "eliezersaude"]
[Black "MASTROIANNI"]
[Result "0-1"]
[WhiteElo "1014"]
[BlackElo "1638"]

1. e4 c5 2. c4 e5 3. Qf3 f6 4. Nc3 Nc6 5. Nd5 Nb4 6. Qc3 Nxd5 7. cxd5 b6 8. g4
d6 9. Nh3 Be7 10. Qf3 Qd7 11. d3 g6 12. b3 g5 13. a4 Ba6 14. Ra2 Nh6 15. Rg1
O-O-O 16. d4 Bxf1 17. Kxf1 a5 18. Ke1 cxd4 19. Rc2+ Kb8 20. Qe2 Rc8 21. Qa6 Rxc2
22. Kd1 Qc7 23. Qd3 Rxc1+ 24. Kd2 Rxg1 25. Nxg1 Nxg4 26. Nh3 Rc8 27. f3 Qc1+ 28.
Ke2 Rc2+ 29. Qxc2 Qxc2+ 30. Kf1 Ne3+ 31. Ke1 Qd1+ 32. Kf2 Qf1+ 33. Kg3 Qg2# 0-1